| 000 | 01190nam a22003737a 4500 | ||
|---|---|---|---|
| 001 | BR2023000254 | ||
| 003 | BR-BrBNA | ||
| 005 | 20230928105717.0 | ||
| 007 | ta | ||
| 008 | 230509b bl.||||| |||| 00| 0 por d | ||
| 040 |
_aBR-BrBNA _bpor _cBiblioteca Nacional de Agricultura |
||
| 041 | _a(Por) | ||
| 072 |
_aE21; U30; E70 _b9410 _b9400 |
||
| 090 | _ 9410 BR2023000254 | ||
| 100 | 1 | _aSorio, A. (ed.) | |
| 110 | 1 |
_aMinistério da Indústria, Comércio Exterior e Serviços, Brasília, DF (Brasil) _97421 |
|
| 245 | 1 | _aCadeia agroindustrial do leite no Brasil: diagnóstico dos fatores limitantes à competitividade | |
| 260 | 3 |
_aBrasília, DF (Brasil): _c2018. |
|
| 300 | _a258 p. | ||
| 500 | _aBibliography p. 244-251 (97 ref.); 12 illus.; 110 tables; 46 graphs | ||
| 650 | _aLEITE | ||
| 650 | _aPRODUÇÃO LEITEIRA | ||
| 650 | _aPROCESSAMENTO | ||
| 650 | _aPRODUTO DERIVADO DO LEITE | ||
| 650 | _aINDÚSTRIA AGRÍCOLA | ||
| 650 | _aCADEIA PRODUTIVA | ||
| 650 | _aDIAGNÓSTICO | ||
| 650 | _aCONSUMO | ||
| 650 | _aMERCADO INTERNACIONAL | ||
| 650 | _aCOMERCIALIZAÇÃO | ||
| 650 | _aAGREGAÇÃO DE VALOR | ||
| 909 |
_a202309 _bLucia _c55 _dLucia Elande |
||
| 942 | _cBK | ||
| 999 |
_c86306 _d86306 |
||